| 000 | 00532nam a2200169Ia 4500 | ||
|---|---|---|---|
| 008 | 190805s9999||||xx |||||||||||||| ||und|| | ||
| 020 |
_a9780070472426 _cRs. 825.00 |
||
| 082 | 0 | 4 |
_a658.05 _bL9622 |
| 100 | 1 | _aLucas, Henry C. | |
| 245 | 1 | 0 |
_aInformation Technology for management / _cHenry C. Lucas |
| 250 | _a7th ed. | ||
| 260 |
_aChennai : _bMcGraw Hill Education India, _c2000, reprinted 2016 |
||
| 300 |
_axxii, 730 p. _b : ill. _c; 24 cm. |
||
| 650 | 0 | _aManagement information systems | |
| 942 | _cBK | ||
| 999 |
_c232 _d232 |
||